Kansas City Tourist Attractions - Statistics

General Stats
  • This quiz has been taken 38 times
    35 since last reset
  • The average score is 6 of 16
Answer Stats
Attraction % Correct
Country Club Plaza
68%
Union Station
62%
Crown Center
56%
Arrowhead Stadium
53%
Worlds of Fun
53%
Kauffman Stadium
47%
Liberty Memorial
44%
Sprint Center
41%
Arthur Bryant's
26%
Gate's
24%
Joe's
24%
Kauffman Center for Performing Arts
21%
Nelson-Atkins Museum of Art
15%
UMKC
15%
Downtown KC
9%
College Basketball Hall of Fame
3%
No matching quizzes found
Score Distribution
Percent of People with Each Score
Percentile by Number Answered
Your Score History
You have not taken this quiz since the last reset